The story of the united parishes of Glenavy, Camlin and Tullyrusk : together with short accounts of the history of the different denominations in the Union /

Saved in:
Bibliographic Details
Main Author: Watson, Charles
Format: Book
Language:English
Published: Belfast : Printed by M'Caw, Stevenson & Orr, 1892.
Subjects:
LEADER 01288cam a2200301 a 4500
001 c000393740
003 CARM
005 20130527101043.0
008 130527s1892 nika 000 0 eng d
019 1 |a 69793473  |5 LACONCORD2021 
035 |a (OCoLC)25298682  |5 LACONCORD2021 
040 |a BUQ  |b eng  |c BUQ  |d IMF  |d OCLCQ  |d VCAV 
043 |a e-uk-ni 
082 0 4 |a 283.4209  |2 23 
100 1 |a Watson, Charles. 
245 1 4 |a The story of the united parishes of Glenavy, Camlin and Tullyrusk :  |b together with short accounts of the history of the different denominations in the Union /  |c compiled by Charles Watson. 
246 3 4 |a Glenavy, past and present 
260 |a Belfast :  |b Printed by M'Caw, Stevenson & Orr,  |c 1892. 
300 |a viii, 63 p. :  |b ill. ;  |c 20 cm. 
651 0 |a Glenavy (Northern Ireland)  |x History. 
651 0 |a Crumlin (Northern Ireland)  |x History. 
650 0 |a Parishes  |z Northern Ireland. 
610 2 0 |a Church of England  |z Northern Ireland  |x History. 
852 8 |b CARM  |p 0594469  |f BK 
852 8 |b SCAN  |h A3:AG12B0  |i B12167  |p 0594469  |f BK 
999 f f |i 2a8eb32e-57f0-5a35-852c-56c3861aa28d  |s b8e71187-bd0d-5845-8273-83624795721a 
952 f f |p Can circulate  |a CAVAL  |b CAVAL  |c CAVAL  |d CARM 1 Store  |i book  |m 0594469 
952 f f |a CAVAL  |b CAVAL  |c CAVAL  |d Unmapped Location  |e B12167  |f A3:AG12B0  |h Other scheme